<?xml version="1.0" encoding="UTF-8"?>
<record
    xmlns:xsi="http://www.w3.org/2001/XMLSchema-instance"
    xsi:schemaLocation="http://www.loc.gov/MARC21/slim http://www.loc.gov/standards/marcxml/schema/MARC21slim.xsd"
    xmlns="http://www.loc.gov/MARC21/slim">

  <leader>01521nam a2200409 a 4500</leader>
  <controlfield tag="005">20240814090652.0</controlfield>
  <controlfield tag="008">      e2024    ag ||||f |||| 00| 0 spa d</controlfield>
  <datafield tag="020" ind1=" " ind2=" ">
    <subfield code="a">9789878750606</subfield>
  </datafield>
  <datafield tag="041" ind1=" " ind2=" ">
    <subfield code="a">spa</subfield>
  </datafield>
  <datafield tag="092" ind1=" " ind2=" ">
    <subfield code="c">616.028</subfield>
    <subfield code="l">13</subfield>
    <subfield code="s">COR</subfield>
  </datafield>
  <datafield tag="100" ind1="1" ind2=" ">
    <subfield code="a">Cornaglia, Carlos Luis Miguel</subfield>
    <subfield code="9">4205</subfield>
  </datafield>
  <datafield tag="245" ind1=" " ind2=" ">
    <subfield code="a">Terapia Intensiva Local.</subfield>
    <subfield code="b">T.1 Concepto /</subfield>
    <subfield code="c">Carlos Luis Miguel Cornaglia</subfield>
  </datafield>
  <datafield tag="250" ind1=" " ind2=" ">
    <subfield code="a">1a ed.</subfield>
  </datafield>
  <datafield tag="260" ind1=" " ind2=" ">
    <subfield code="a">Buenos Aires: </subfield>
    <subfield code="b">Autores de Argentina;</subfield>
    <subfield code="c">2024.</subfield>
  </datafield>
  <datafield tag="300" ind1=" " ind2=" ">
    <subfield code="a">192 p.</subfield>
  </datafield>
  <datafield tag="500" ind1=" " ind2=" ">
    <subfield code="a">Cornaglia, C. L. M. y Fiore, G. del V. (2024). Terapia Intensiva Local. T.1 Concepto. (1a ed.). Buenos Aires : Autores de Argentina.</subfield>
  </datafield>
  <datafield tag="590" ind1=" " ind2=" ">
    <subfield code="a">Compra Proyecto PROMED 2012
</subfield>
  </datafield>
  <datafield tag="653" ind1=" " ind2=" ">
    <subfield code="a">Psicoterapia intensiva focal</subfield>
  </datafield>
  <datafield tag="653" ind1=" " ind2=" ">
    <subfield code="a">Psicoterapia intensiva focal. Concepto</subfield>
  </datafield>
  <datafield tag="653" ind1="4" ind2=" ">
    <subfield code="a">Qu&#xE9; significa terapia?</subfield>
  </datafield>
  <datafield tag="653" ind1="4" ind2=" ">
    <subfield code="a">Qu&#xE9; significa intensiva?</subfield>
  </datafield>
  <datafield tag="653" ind1="4" ind2=" ">
    <subfield code="a">Qu&#xE9; significa focal?</subfield>
  </datafield>
  <datafield tag="653" ind1=" " ind2=" ">
    <subfield code="a">Conciencia metodol&#xF3;gica</subfield>
  </datafield>
  <datafield tag="653" ind1=" " ind2=" ">
    <subfield code="a">Formas de lo intensivo</subfield>
  </datafield>
  <datafield tag="653" ind1=" " ind2=" ">
    <subfield code="a">Formas de lo focal</subfield>
  </datafield>
  <datafield tag="653" ind1=" " ind2=" ">
    <subfield code="a">Organizaci&#xF3;n del programa terap&#xE9;utico</subfield>
  </datafield>
  <datafield tag="653" ind1=" " ind2=" ">
    <subfield code="a">Proyecto, programa, mesoprograma, microprograma</subfield>
  </datafield>
  <datafield tag="653" ind1=" " ind2=" ">
    <subfield code="a">Equipo terap&#xE9;utico</subfield>
  </datafield>
  <datafield tag="653" ind1=" " ind2=" ">
    <subfield code="a">Registro de las actividades y eventos</subfield>
  </datafield>
  <datafield tag="653" ind1=" " ind2=" ">
    <subfield code="a">Espacios y extensi&#xF3;n de los programas terap&#xE9;uticos</subfield>
  </datafield>
  <datafield tag="653" ind1=" " ind2=" ">
    <subfield code="a">Indicaciones y contraindicaciones</subfield>
  </datafield>
  <datafield tag="653" ind1=" " ind2=" ">
    <subfield code="a">Costos y beneficios</subfield>
  </datafield>
  <datafield tag="653" ind1=" " ind2=" ">
    <subfield code="a">Evaluaci&#xF3;n</subfield>
  </datafield>
  <datafield tag="653" ind1=" " ind2=" ">
    <subfield code="a">Terapia intensiva focal. Hoja de evaluaci&#xF3;n</subfield>
  </datafield>
  <datafield tag="700" ind1="1" ind2=" ">
    <subfield code="a">Fiore, Graciela del Valle.</subfield>
    <subfield code="9">4206</subfield>
  </datafield>
  <datafield tag="942" ind1=" " ind2=" ">
    <subfield code="2">ddc</subfield>
    <subfield code="c">BK</subfield>
  </datafield>
  <datafield tag="999" ind1=" " ind2=" ">
    <subfield code="c">3192</subfield>
    <subfield code="d">3192</subfield>
  </datafield>
  <datafield tag="952" ind1=" " ind2=" ">
    <subfield code="0">0</subfield>
    <subfield code="1">0</subfield>
    <subfield code="2">ddc</subfield>
    <subfield code="4">0</subfield>
    <subfield code="7">0</subfield>
    <subfield code="a">BFM</subfield>
    <subfield code="b">BFM</subfield>
    <subfield code="c">CR</subfield>
    <subfield code="d">2024-08-14</subfield>
    <subfield code="e">Donaci&#xF3;n autores, Agosto 2024</subfield>
    <subfield code="l">1</subfield>
    <subfield code="o">616.026 13 COR</subfield>
    <subfield code="p">4895</subfield>
    <subfield code="r">2024-08-19</subfield>
    <subfield code="s">2024-08-16</subfield>
    <subfield code="t">Ej.1</subfield>
    <subfield code="w">2024-08-14</subfield>
    <subfield code="y">BK</subfield>
    <subfield code="z">Donaci&#xF3;n autores, Agosto 2024</subfield>
    <subfield code="f"></subfield>
  </datafield>
</record>
